[Event "SWE-ch blitz"]
[Site "Helsingborg"]
[Date "2021.11.14"]
[Round "2"]
[White "Neretljak, Nedzad"]
[Black "Nimander, Max"]
[Result "1-0"]
[WhiteElo "2148"]
[BlackElo "1917"]
[PlyCount "63"]
[EventDate "2021.11.14"]
[EventType "swiss (blitz)"]
[EventRounds "13"]
[EventCountry "SWE"]
[SourceTitle "EXT 2024"]
[Source "ChessBase"]
[SourceDate "2023.10.10"]
[SourceVersion "1"]
[SourceVersionDate "2023.10.10"]
[SourceQuality "1"]

1. e4 d5 2. e5 c5 3. c3 Bf5 4. d4 e6 5. a3 Nc6 6. Nf3 cxd4 7. cxd4 a6 8. Bd3 Bxd3 9. Qxd3 Nge7 10. 0-0 Ng6 11. Nc3 b5 12. b4 Be7 13. Ne2 Qb6 14. Ng3 h5 15. Be3 h4 16. Ne2 Rc8 17. Nd2 a5 18. bxa5 Nxa5 19. f4 Nc4 20. f5 Nf8 21. f6 gxf6 22. exf6 Bd6 23. Nf3 Nxe3 24. Qxe3 Ng6 25. Ng5 Kf8 26. Qd3 Qb8 27. Nxe6+ fxe6 28. Qxg6 Bxh2+ 29. Kh1 Rg8 30. Qh6+ Kf7 31. Qh7+ Kf8 32. Qe7# 1-0

[Event "Copenhagen Obro New Year op"]
[Site "Copenhagen"]
[Date "2019.12.29"]
[Round "5"]
[White "Olsen, Peter Erik"]
[Black "Nimander, Max"]
[Result "1-0"]
[WhiteElo "2241"]
[BlackElo "1824"]
[PlyCount "41"]
[EventDate "2019.12.27"]
[EventType "swiss"]
[EventRounds "7"]
[EventCountry "DEN"]
[SourceTitle "CBM 194 Extra"]
[Source "ChessBase"]
[SourceDate "2020.03.31"]
[SourceVersion "1"]
[SourceVersionDate "2020.03.31"]
[SourceQuality "1"]

1. d4 Nf6 2. Bg5 Ne4 3. Bf4 d5 4. e3 e6 5. Bd3 Nf6 6. Nf3 c5 7. c3 Qb6 8. Qc2 c4 9. Be2 Bd6 10. 0-0 Qc7 11. Bxd6 Qxd6 12. Nbd2 b5 13. a4 b4 14. e4 b3 15. Qb1 Qf4 16. e5 Nh5 17. g3 Qh6 18. Qd1 g6 19. Ne1 f5 20. Nxc4 dxc4 21. Bf3 1-0